Zariski Surfaces and Differential Equations in Characteristic p > 0 /
Na minha lista:
| Autor principal: | |
|---|---|
| Outros Autores: | |
| Formato: | Sách giấy |
| Idioma: | English |
| Publicado em: |
New York :
Marcel Dekker ,
1987
|
| Tags: |
Adicionar Tag
Sem tags, seja o primeiro a adicionar uma tag!
|
| Thư viện lưu trữ: | Thư viện Trường Đại học Đà Lạt |
|---|
| LEADER | 00643nam a2200253 4500 | ||
|---|---|---|---|
| 001 | DLU020011517 | ||
| 005 | ##1/14/2000 | ||
| 041 | # | # | |a eng |
| 082 | # | # | |a 515.352 |b BL-P |
| 090 | # | # | |a 515.352 |b BL-P |
| 100 | # | # | |a Blass, Piotr |
| 245 | # | # | |a Zariski Surfaces and Differential Equations in Characteristic p > 0 / |c Blass Piotr, Lang Jeffrey |
| 260 | # | # | |a New York : |b Marcel Dekker , |c 1987 |
| 300 | # | # | |a VIII, 437 tr.; |c 23 cm. |
| 700 | # | # | |a Lang, Jeffrey |
| 992 | # | # | |a 18000 |
| 994 | # | # | |a DLU |
| 900 | # | # | |a False |
| 911 | # | # | |a Administrator |
| 925 | # | # | |a G |
| 926 | # | # | |a A |
| 927 | # | # | |a SH |
| 980 | # | # | |a Thư viện Trường Đại học Đà Lạt |